Statistiques concernant Culture générale par lettre - N.

Cliquez ici pour prendre le quiz!

Statistiques générales

  • Ce quiz a été pris 1 953 fois
  • Le résultat moyen est 13 sur 15

Statistiques - réponses

QuestionsRéponses% Correct
Peut être de cajou, de pécan ou de coco.Noix
99%
Petit poisson clown héros d'un film d'animation Disney.Némo
98%
Sport dans lequel se sont illustré Laure et Florent Manaudou.Natation
97%
Célèbre marque de jeux vidéo produisant la Switch.Nintendo
97%
Dieu latin et nom de la 8ème planète de notre système solaire.Neptune
95%
Tennisman Espagnol ayant remporté 20 tournois du Grand Chelem en simple.Rafael Nadal
93%
Footballeur Brésilien, transféré au PSG en 2017 contre 222 millions d'euros.Neymar
92%
Cicatrice fibreuse située au niveau de la paroi antérieure de l'abdomen, formée par la chute du cordon ombilical.Nombril
91%
Magellan et Vasco de Gama en sont 2 célèbres. Navigateurs
89%
Groupe de grunge américain, interprète de "Smells Like Teen Spirit" et "Come as You Are".Nirvana
81%
Animal vivant dans l'Océan Arctique, aussi appelé licorne des mers.Narval
76%
Capital du Kenya.Nairobi
72%
Sa capital est Managua.Nicaragua
72%
Comédie musicale créée en 1998, ayant révélé Garou, Hélène Ségara ou Patrick Fiori.Notre Dame de Paris
65%
Roman d’Émile Zola, neuvième volume de la série les "Rougon-Macquart", récit présenté comme la suite de L'Assommoir.Nana
34%

Distribution des résultats

Percentile par nombre de réponses

% des personnes avec chaque résultat

Votre développement - résultats

Vous n’avez pas pris ce quiz